00487nam a2200157Ia 450000500170000000800410001708200130005824500150007126000490008630000130013550000450014870000200019394200060021395200950021999900150031420250528015304.0240331s9999 xx 000 0 und d bITHa303 0aIthihasaya aColombobSocial Scientists Associationc2008 a102 p ., aIthihasaya - heritage incentive journal aHeritage. eedt cL 001040708LaWERCLbWERCLcSSCd2024-03-31l0o 303 ITHp6350r2024-03-31w2024-03-31yL c5258d5258